[Event "Southwest Class-ch 7th"]
[Site "Dallas"]
[Date "2016.02.14"]
[Round "7"]
[White "Toolin, Christopher"]
[Black "Githoro, Mbugua Bo"]
[Result "1-0"]
[WhiteElo "2241"]
[BlackElo "2042"]
[PlyCount "149"]
[EventDate "2016.02.11"]
[EventType "swiss"]
[EventRounds "9"]
[EventCountry "USA"]
[SourceTitle "EXT 2018"]
[Source "ChessBase"]
[SourceDate "2017.10.13"]
[SourceVersion "1"]
[SourceVersionDate "2017.10.13"]
[SourceQuality "1"]

1. d4 e6 2. c4 f5 3. g3 Nf6 4. Bg2 d5 5. Nd2 c6 6. Qc2 Bd6 7. Nh3 0-0 8. 0-0 a5 9. Nf3 a4 10. Bf4 a3 11. Bxd6 Qxd6 12. c5 Qe7 13. Nf4 Ng4 14. Nd3 Nd7 15. h3 Nh6 16. b4 Nf7 17. Nfe5 Ndxe5 18. dxe5 g5 19. f4 gxf4 20. gxf4 Nh8 21. Rf3 Ng6 22. Rb1 Kh8 23. Ne1 Rg8 24. Rbb3 Bd7 25. Qc1 Qh4 26. Kh1 Qh6 27. Rxa3 Rad8 28. Rf2 Rg7 29. Rg3 Rdg8 30. Qe3 Be8 31. a4 Nh4 32. Rxg7 Qxg7 33. Qd3 Bd7 34. Qb3 Be8 35. Qc3 Bd7 36. Qd3 Be8 37. a5 Qg6 38. Qa3 Qg7 39. b5 cxb5 40. a6 bxa6 41. Qxa6 Qg3 42. Qxe6 Nxg2 43. Qf6+ Qg7 44. Qxg7+ Rxg7 45. Rxg2 Rb7 46. Rg3 b4 47. Rb3 Ba4 48. Rb2 Kg7 49. Nd3 b3 50. Kg1 Kf7 51. Kf2 d4 52. e3 dxe3+ 53. Kxe3 Bc6 54. Kd2 Be4 55. Kc3 Bxd3 56. Kxd3 Rb4 57. c6 Ke6 58. Kc3 Rb6 59. Rxb3 Rxc6+ 60. Kd4 Ra6 61. Rb4 h5 62. Kc5 Ra3 63. Rb6+ Ke7 64. h4 Rf3 65. Rb4 Rh3 66. Kd5 Rxh4 67. Rb7+ Kf8 68. e6 Rxf4 69. Ke5 Re4+ 70. Kf6 Kg8 71. Rb5 f4 72. Rg5+ Kh8 73. Rxh5+ Kg8 74. Rg5+ Kh8 75. Re5 1-0

[Event "Southwest Class-ch 7th"]
[Site "Dallas"]
[Date "2016.02.13"]
[Round "5"]
[White "Githoro, Mbugua Bo"]
[Black "Polavaram, Rithik S"]
[Result "1-0"]
[WhiteElo "2042"]
[BlackElo "1826"]
[PlyCount "71"]
[EventDate "2016.02.11"]
[EventType "swiss"]
[EventRounds "9"]
[EventCountry "USA"]
[SourceTitle "EXT 2018"]
[Source "ChessBase"]
[SourceDate "2017.10.13"]
[SourceVersion "1"]
[SourceVersionDate "2017.10.13"]
[SourceQuality "1"]

1. e4 e5 2. Nf3 Nc6 3. Bc4 Bc5 4. c3 Nf6 5. d4 exd4 6. cxd4 Bb4+ 7. Bd2 Bxd2+ 8. Nbxd2 d5 9. exd5 Nxd5 10. 0-0 0-0 11. Ne5 Nxd4 12. Nb3 Nxb3 13. Bxd5 Nxa1 14. Bxf7+ Kh8 15. Qh5 h6 16. Rd1 Bg4 17. Ng6+ Kh7 18. Rxd8 Rxf7 19. Qxg4 Rxd8 20. h4 Rd5 21. h5 Rdf5 22. Qe4 R5f6 23. Qe8 Rxg6 24. hxg6+ Kxg6 25. Qe4+ Kf6 26. Qd4+ Kg6 27. Qe4+ Kf6 28. g4 g5 29. f4 a6 30. Qd4+ Kg6 31. f5+ Kh7 32. f6 Kg8 33. Qe5 b6 34. Qe8+ Rf8 35. Qg6+ Kh8 36. Qg7# 1-0